Creating capabilities: the human development approach (Record no. 442027)

000 -LEADER
fixed length control field 00458cam a22001577a 4500
008 - FIXED-LENGTH DATA ELEMENTS--GENERAL INFORMATION
fixed length control field 180718b2011 xxu||||| |||| 00| 0 eng d
020 ## - INTERNATIONAL STANDARD BOOK NUMBER
International Standard Book Number 8178243296
082 ## - DEWEY DECIMAL CLASSIFICATION NUMBER
Classification number B2 N944
100 ## - MAIN ENTRY--PERSONAL NAME
Personal name Nussbaum, Martha C.
245 ## - TITLE STATEMENT
Title Creating capabilities: the human development approach
Statement of responsibility, etc. by Martha C. Nussbaum
260 ## - PUBLICATION, DISTRIBUTION, ETC.
Place of publication, distribution, etc. Ranikhet
Name of publisher, distributor, etc. Permanent Black
Date of publication, distribution, etc. 2011
300 ## - PHYSICAL DESCRIPTION
Extent 237p.
650 ## - SUBJECT ADDED ENTRY--TOPICAL TERM
Topical term or geographic name entry element Womenメs righ
650 ## - SUBJECT ADDED ENTRY--TOPICAL TERM
Topical term or geographic name entry element Economic development
650 ## - SUBJECT ADDED ENTRY--TOPICAL TERM
Topical term or geographic name entry element Social justice
Holdings
Withdrawn status Lost status Damaged status Not for loan Permanent Location Current Location Date acquired Full call number Barcode Date last seen Price effective from Koha item type
        Indian Institute of Public Administration Indian Institute of Public Administration 2011-05-20 B2 N944 84346 2018-07-21 2018-07-21 Book

Powered by Koha